| 000 | 00610nam 22001933 4500 | ||
|---|---|---|---|
| 001 | 200629 | ||
| 090 | _a200629 | ||
| 100 | _a20260219d u||y0pory50 ba | ||
| 200 |
_aMeninos _fJosé Mena Abrantes |
||
| 210 |
_aAngola _cUnião dos Escritores Angolanos _d1991 |
||
| 215 |
_a54, [2] p. _cbrochado _d20 cm |
||
| 317 | _a. - Oferta com dedicatória do escritor ao Prof. Dr. Almeida Faria | ||
| 606 |
_913 _aLiteratura Africana em língua portuguesa |
||
| 610 | _aPoesia | ||
| 675 |
_a821.134.3(6)-1 _vPT _zpor |
||
| 700 |
_916408 _aAbrantes _bJosé Mena _f1945- |
||
| 801 |
_aPT _bBMMN _gRPC |
||
| 830 |
_cAna _fAna |
||
| 990 | _cLIVROS | ||